Economics of growth, development and planning / (Record no. 13437)

MARC details
000 -LEADER
fixed length control field 01737nam a2200337 a 4500
001 - CONTROL NUMBER
control field 13437
005 - DATE AND TIME OF LATEST TRANSACTION
control field 20251218105857.0
008 - FIXED-LENGTH DATA ELEMENTS--GENERAL INFORMATION
fixed length control field 920313s1991 ii a b 001 0 eng
010 ## - LIBRARY OF CONGRESS CONTROL NUMBER
LC control number 91908156
020 ## - INTERNATIONAL STANDARD BOOK NUMBER
International Standard Book Number 0706998707
Terms of availability Rs450.00
025 ## - OVERSEAS ACQUISITION NUMBER
Overseas acquisition number I-E-66591
035 ## - SYSTEM CONTROL NUMBER
System control number 3446680
040 ## - CATALOGING SOURCE
Original cataloging agency DLC
Transcribing agency DLC
Modifying agency DLC
-- BSULIB
043 ## - GEOGRAPHIC AREA CODE
Geographic area code a-ii---
050 00 - LIBRARY OF CONGRESS CALL NUMBER
Classification number HD82
Item number .B487 1991
082 ## - DEWEY DECIMAL CLASSIFICATION NUMBER
Edition number 330.9
Item number SHR
100 1# - MAIN ENTRY--PERSONAL NAME
Personal name SHRIVASTAVA, O.S.
9 (RLIN) 26162
245 10 - TITLE STATEMENT
Title Economics of growth, development and planning /
Statement of responsibility, etc O.S. SHRIVASTAVA
260 ## - PUBLICATION, DISTRIBUTION, ETC. (IMPRINT)
Place of publication, distribution, etc New Delhi :
Name of publisher, distributor, etc Vikas Publishing House PVT LTD,
Date of publication, distribution, etc 1996.
300 ## - PHYSICAL DESCRIPTION
Extent xvi, 672p. :
Other physical details ill. ;
Dimensions 25 cm.
500 ## - GENERAL NOTE
General note With reference to India.
500 ## - GENERAL NOTE
General note Includes bibliographical references index.
505 ## - FORMATTED CONTENTS NOTE
Formatted contents note I. Introductory and conceptual analysis of the characteristics and problems of less developed countries <br/>II. Pre-requisites/policies of economic growth and development <br/>III. Classical, Marxian and institutional models/theories of development <br/>IV. Keynesian and non-Keynesian models of growth <br/>V. Neo-classical models of economic growth <br/>VI. Neo-Keynesian models <br/>VII. Balanced versus unbalanced growth theories -I theories of balanced growth <br/>VII. Balanced versus unbalanced growth theories -II Theories of unbalanced growth <br/>IX. Economics of National, regional, and project planning <br/>X. Five-year plans of India <br/>XI. Studies in Indian economy
650 #0 - SUBJECT ADDED ENTRY--TOPICAL TERM
Topical term or geographic name as entry element Economic development.
9 (RLIN) 503
650 #0 - SUBJECT ADDED ENTRY--TOPICAL TERM
Topical term or geographic name as entry element Economic policy.
9 (RLIN) 1650
651 #0 - SUBJECT ADDED ENTRY--GEOGRAPHIC NAME
Geographic name India
General subdivision Economic policy
9 (RLIN) 1651
906 ## - LOCAL DATA ELEMENT F, LDF (RLIN)
a 7
b cbc
c orignew
d 3
e ncip
f 19
g y-gencatlg
942 ## - ADDED ENTRY ELEMENTS (KOHA)
Source of classification or shelving scheme Dewey Decimal Classification
Item type Books
Holdings
Withdrawn status Lost status Source of classification or shelving scheme Damaged status Not for loan Home library Current library Shelving location Date acquired Source of acquisition Inventory number Total Checkouts Full call number Barcode Date last seen Copy number Price effective from Koha item type Public note
    Dewey Decimal Classification     Main Library Main Library Reserve Book Section 10/12/2019 Purchased 10556   330.9 SHR bsu25120266 18/12/2025 001 18/12/2025 Books Material available in hard copy
    Dewey Decimal Classification     Main Library Main Library Reserve Book Section 10/12/2019 Purchased 10555   330.9 SHR bsu25120267 18/12/2025 002 18/12/2025 Books Material available in hard copy

© 2017 Bishop Stuart University Library. All Rights Reserved.
Kakoba Campus, Plot 150 Buremba Road | P.O. Box 9, Mbarara, UGANDA | Tel: +256-772-463068
Email: library@bsu.ac.ug